Komparácia systémov riadenia PPP projektov v krajinách V4 diplomová práca

Na minha lista:
Detalhes bibliográficos
Autor principal: Juhászová, Orsolya
Autor Corporativo: Obchodná fakulta EU. Katedra medzinárodného obchodu
Outros Autores: Šprochová, Lenka
Formato: Livro
Idioma:eslovaco
Publicado em: Bratislava 2016
Tags: Adicionar Tag
Sem tags, seja o primeiro a adicionar uma tag!

MARC

LEADER 00000nbm a2200000 4500
001 0216634
005 20161123144808.7
041 0 |a slo 
044 |a SK 
245 1 0 |a Komparácia systémov riadenia PPP projektov v krajinách V4  |b diplomová práca  |c Orsolya Juhászová ; školiteľ: Lenka Šprochová 
264 1 |a Bratislava  |c 2016 
300 |a 74 s. 
100 1 |a Juhászová, Orsolya 
700 1 |a Šprochová, Lenka 
710 2 |a Obchodná fakulta EU. Katedra medzinárodného obchodu